Statistics for Who did that metal song?

Click here to take the quiz!

General Stats

  • This quiz has been taken 293 times
    (259 since last reset)
  • The average score is 12 of 25

Answer Stats

HintAnswer% Correct
ParanoidBlack Sabbath
98%
For Whom the Bell TollsMetallica
98%
Run to the HillsIron Maiden
93%
WalkPantera
90%
Symphony of DestructionMegadeth
87%
Angel of DeathSlayer
82%
Rainbow in the DarkDio
69%
Wait and BleedSlipknot
67%
Living After MidnightJudas Priest
63%
Roots Bloody RootsSepultura
62%
Hammer Smashed FaceCannibal Corpse
59%
Bat CountryAvenged Sevenfold
55%
Prison SongSystem of a Down
52%
Metal Thrashing MadAnthrax
48%
Shoots and LaddersKorn
42%
Metropolis—Part I: "The Miracle and the Sleeper"Dream Theater
38%
Hail and KillManowar
26%
More Human than HumanWhite Zombie
26%
Mirror MirrorBlind Guardian
21%
DownfallChildren of Bodom
16%
Funeral in CarpathiaCradle of Filth
15%
March of the Fire AntsMastodon
14%
March of MephistoKamelot
9%
Travel in StygianIced Earth
8%
Hung, Drawn and QuarteredHigh on Fire
5%

Score Distribution

Percentile by Number Answered

Percent of People with Each Score

Your Score History

You have not taken this quiz since the last reset